Mexican Studies = Estudios mexicanos /

Mexican Studies / Estudios Mexicanos es una revista académica, bilingüe (español–inglés) e internacional, publicada de manera continua desde 1985 por University of California Press, en colaboración con el University of California Institute for Mexico and the United States y la Universidad Nacional A...

Fuld beskrivelse

Guardado en:
Bibliografiske detaljer
Format: Serial
Sprog:engelsk
Fag:
Tags: Tilføj Tag
Ingen Tags, Vær først til at tagge denne postø!

MARC

LEADER 00000nas^a2200000^a^4500
001 000321547
005 20260515102126.0
009 20260526140316.527
022 |a 0742-9797 
037 |a Acervo Xavier Clavigero 
041 |a ING 
094 |a 130 FXC 
222 0 |a Mexican Studies =,  |b (Estudios mexicanos /) 
245 0 0 |a Mexican Studies =  |b Estudios mexicanos / 
264 |a Berkeley, EUA :  |b University of California,  |c 2012- 
300 |a volúmenes 
310 |a Semestral 
336 |a texto  |b txt  |2 rdacontenido 
337 |a sin mediación  |b n  |2 rdamedio 
338 |a volumen  |b nc  |2 rdasoporte 
362 |a Vol. 28, no. 1 (invierno 2012)- 
520 |a Mexican Studies / Estudios Mexicanos es una revista académica, bilingüe (español–inglés) e internacional, publicada de manera continua desde 1985 por University of California Press, en colaboración con el University of California Institute for Mexico and the United States y la Universidad Nacional Autónoma de México (UNAM). Su misión es el análisis de México, entendido en un sentido histórico, cultural y geopolítico amplio. La revista se orienta a la difusión de investigaciones originales de alto rigor académico, provenientes de las ciencias sociales, las humanidades y los estudios interdisciplinarios. Sus artículos examinan de manera integral factores históricos, políticos, sociales, económicos, culturales, artísticos y científicos de la sociedad mexicana y sus comunidades dentro y fuera del país. Mexican Studies publica dos números al año y mantiene una estructura editorial que incluye artículos de investigación, ensayos críticos y reseñas de libros, así como números especiales y secciones temáticas dedicadas a problemáticas emergentes o de particular relevancia académica. El acervo Xavier Clavigero conserva una colección parcial de esta revista impresa que contiene fascículos publicados entre 2012 y 2016. 
546 |a Edición bilingüe español-inglés 
599 |a No vigente  |b Compra  |c EBSCO 
649 |a XX 
650 |a México -  |x Publicaciones Periódicas Norteamericanas -  |x Tema Principal 
650 |a Sociología -  |x Publicaciones Periódicas Norteamericanas 
650 |a Política -  |x Publicaciones Periódicas Norteamericanas 
650 |a Universidades -  |x Publicaciones Periódicas Norteamericanas 
650 |a Universidades -  |z EUA -  |x Publicaciones Periódicas 
650 |a Publicaciones Periódicas Norteamericanas 
650 |a Publicaciones Periódicas Norteamericanas 
910 |a Fondo General 
920 |a Impresos - Publicaciones Periódicas 
905 |a 105 
902 |a https://opac.biblio.iteso.mx/vufind/Record/000321547